000 00594nam a2200193Ia 4500
005 20250508163509.0
008 008 250505s9999 xx 000 0 eng d
037 _aDissertations
040 _aFEDL
_beng
_cFEDL
041 _aeng
_2eng
084 _a379.54, ALA/DI
_qFEDL
100 _aAlam Anwar
245 0 _aComplexities in the relationship between the centre and the states with reference to education in India
260 _c1994
300 _a61p.
546 _aM. Ed. Dissertation (Delhi University)
942 _cDIS
_h379.54, ALA/DI
999 _c1383702
_d1383702